| 000 | 00717 a2200217 4500 | ||
|---|---|---|---|
| 999 |
_c10412 _d10412 |
||
| 020 | _a9780128179390 | ||
| 050 | _aRJ51 PED 2021 | ||
| 100 |
_aWong, Edward C _d 1962- _eauthor |
||
| 245 |
_aPediatric reference intervals / _cEdward C.C. Wong, Carlo Brugnara, Joely Straseski, Mark Kellogg, Khosrow Adeli. |
||
| 250 | _a8th edition | ||
| 264 |
_aAmsterdam : _bAcademic Press, _c 2021. |
||
| 300 |
_axxvi., 316 pages _b1 online resource |
||
| 500 | _aIncludes index | ||
| 650 |
_aChildren _xDiseases -- Diagnosis. |
||
| 650 |
_aDiagnosis _xLaboratory. |
||
| 650 | _aClinical chemistry. | ||
| 700 | _a Brugnara, Carlo | ||
| 700 | _a Adeli, Khosrow; | ||
| 700 | _aKellogg, Mark | ||
| 942 |
_2lcc _cBK _h51 _iPED _kRJ |
||